Т. 62, № 5; Журнал прикладной спектроскопии

Bibliografische gegevens
Parent link:Журнал прикладной спектроскопии/ Академия наук Белорусской ССР (АН БССР); Институт физики (ИФ); Институт молекулярной и атомной физики. Т. 62, № 5.— , 1969-.— 0514-7506
Taal:Russisch
Gepubliceerd in: 1995
Formaat: Boek
KOHA link:https://koha.lib.tpu.ru/cgi-bin/koha/opac-detail.pl?biblionumber=483517

MARC

LEADER 00000nam2a2200000 4500
001 483517
005 20231101094218.0
035 |a (RuTPU)RU\TPU\prd\151112 
035 |a RU\TPU\prd\151111 
090 |a 483517 
100 |a 20120911a19959999k y0rusy50 ca 
101 0 |a rus 
102 |a BY 
200 0 |a Т. 62, № 5 
210 |d 1995 
461 1 |0 (RuTPU)RU\TPU\prd\1476  |x 0514-7506  |t Журнал прикладной спектроскопии  |f Академия наук Белорусской ССР (АН БССР); Институт физики (ИФ); Институт молекулярной и атомной физики  |v Т. 62, № 5  |d 1969- 
801 0 |a RU  |b 63413507  |c 20010227  |g PSBO 
801 1 |a RU  |b 63413507  |c 20120307 
801 2 |a RU  |b 63413507  |c 20120911  |g RCR 
942 |c BK 
999 |a НТБ_ТПУ  |b НФ  |e -4/20120110  |p П-7971  |u 0,00  |v 1